[Event "South America-ch (Women)"]
[Site "Lima"]
[Date "2023.09.18"]
[Round "5"]
[White "Matta, Paola Andrea"]
[Black "Maravi Ceron, Ayme Jacqueline"]
[Result "1-0"]
[WhiteElo "1790"]
[BlackElo "1421"]
[PlyCount "55"]
[EventDate "2023.09.14"]
[EventType "swiss"]
[EventRounds "9"]
[EventCountry "PER"]
[SourceTitle "CBM 216 Extra"]
[Source "ChessBase"]
[SourceDate "2023.11.30"]
[SourceVersion "1"]
[SourceVersionDate "2023.11.30"]
[SourceQuality "1"]

1. Nf3 d5 2. c4 e6 3. g3 Nf6 4. Bg2 Bd6 5. d4 c6 6. Qc2 Nbd7 7. 0-0 0-0 8. b3 e5 9. dxe5 Nxe5 10. Bb2 Qe7 11. Nbd2 dxc4 12. Nxc4 Nxc4 13. Qxc4 Be6 14. Qc2 h6 15. Rad1 Bd5 16. Bxf6 gxf6 17. Qd2 Kh7 18. Qd3+ Kg7 19. e4 Bc5 20. exd5 cxd5 21. Nh4 Kh8 22. Nf5 Qe5 23. Qf3 Rg8 24. Nxh6 Rg7 25. Rxd5 Qc7 26. Qxf6 Qe7 27. Qxe7 Bxe7 28. Nf5 1-0

[Event "COL-ch (Women)"]
[Site "Cartagena"]
[Date "2023.06.12"]
[Round "9"]
[White "Ladron De Guevara Mendez, Lorena"]
[Black "Matta, Paola Andrea"]
[Result "1/2-1/2"]
[WhiteElo "1358"]
[BlackElo "1911"]
[PlyCount "61"]
[EventDate "2023.06.08"]
[EventType "swiss"]
[EventRounds "9"]
[EventCountry "COL"]
[SourceTitle "CBM 215 Extra"]
[Source "ChessBase"]
[SourceDate "2023.09.30"]
[SourceVersion "1"]
[SourceVersionDate "2023.09.30"]
[SourceQuality "1"]

1. e4 c5 2. Nf3 d6 3. d4 cxd4 4. Nxd4 Nf6 5. Nc3 e6 6. Be2 a6 7. a3 Be7 8. 0-0 0-0 9. Bg5 Re8 10. Qd2 h6 11. Be3 b5 12. f4 Qc7 13. f5 e5 14. Nb3 Bf8 15. g4 Bb7 16. Bf3 d5 17. Nxd5 Nxd5 18. exd5 e4 19. Bg2 Nd7 20. Na5 Nf6 21. Nxb7 Qxb7 22. h3 Qxd5 23. Qxd5 Nxd5 24. Bd4 Rac8 25. Rae1 Rxc2 26. Bxe4 Rd2 27. Bxd5 Rxe1 28. Rxe1 Rxd4 29. Bf3 Bc5 30. Kg2 Rd2+ 31. Re2 1/2-1/2

[Event "COL-chT rapid (Women)"]
[Site "Cartagena"]
[Date "2019.11.29"]
[Round "2.2"]
[White "Matta, Paola Andrea"]
[Black "Herrera, Milena"]
[Result "1-0"]
[WhiteElo "1855"]
[BlackElo "2091"]
[PlyCount "77"]
[EventDate "2019.11.29"]
[EventType "team-swiss"]
[EventRounds "7"]
[EventCountry "COL"]
[SourceTitle "CBM 193 Extra"]
[Source "ChessBase"]
[SourceDate "2020.01.31"]
[SourceVersion "1"]
[SourceVersionDate "2020.01.31"]
[SourceQuality "1"]
[WhiteTeam "Risaralda (W)"]
[BlackTeam "Antioquia (W)"]
[WhiteTeamCountry "COL"]
[BlackTeamCountry "COL"]

1. Nf3 Nf6 2. c4 c5 3. g3 b6 4. Bg2 Bb7 5. b3 e6 6. Bb2 Be7 7. 0-0 0-0 8. Nc3 d6 9. d4 cxd4 10. Qxd4 Nbd7 11. Rad1 a6 12. e4 Qc7 13. h3 Rac8 14. Rfe1 Rfd8 15. g4 Bf8 16. g5 Nh5 17. Qd2 e5 18. Nh4 g6 19. Bf3 Nf4 20. Bg4 Rb8 21. Nd5 Bxd5 22. cxd5 Nc5 23. Ba3 h5 24. gxh6 Bxh6 25. Qc3 Qe7 26. Ng2 Nxg2 27. Kxg2 Qg5 28. Bc1 Qh4 29. Bxh6 Qxh6 30. Qe3 Qh4 31. Qg3 Qg5 32. b4 Nd7 33. Rc1 Nf6 34. Rc7 Qd2 35. Re2 Qxb4 36. Be6 Nxe4 37. Qxg6+ Kh8 38. Rxf7 Ng5 39. Qg7# 1-0

[Event "COL-chT rapid (Women)"]
[Site "Cartagena"]
[Date "2019.11.29"]
[Round "7.2"]
[White "Matta, Paola Andrea"]
[Black "Medina Barrios, Lina Maria"]
[Result "1-0"]
[WhiteElo "1855"]
[BlackElo "1592"]
[PlyCount "67"]
[EventDate "2019.11.29"]
[EventType "team-swiss"]
[EventRounds "7"]
[EventCountry "COL"]
[SourceTitle "CBM 193 Extra"]
[Source "ChessBase"]
[SourceDate "2020.01.31"]
[SourceVersion "1"]
[SourceVersionDate "2020.01.31"]
[SourceQuality "1"]
[WhiteTeam "Risaralda (W)"]
[BlackTeam "Tolima (W)"]
[WhiteTeamCountry "COL"]
[BlackTeamCountry "COL"]

1. Nf3 e6 2. c4 Nf6 3. b3 Be7 4. Bb2 0-0 5. g3 b6 6. Bg2 Bb7 7. 0-0 Nc6 8. d4 d5 9. Nbd2 Rc8 10. Rc1 Nb8 11. cxd5 exd5 12. Ne5 Nbd7 13. Ndf3 Nxe5 14. dxe5 Nd7 15. Ne1 Nc5 16. Qc2 Ne6 17. Rd1 c5 18. f4 Nd4 19. Bxd4 cxd4 20. Qb2 Bc5 21. Kh1 h5 22. b4 Be7 23. Rxd4 h4 24. g4 Qd7 25. h3 Qb5 26. Qd2 Rfd8 27. f5 a5 28. a3 axb4 29. f6 Bc5 30. Qg5 g6 31. axb4 Bxb4 32. Nd3 Bf8 33. e6 Rc7 34. e7 1-0

[Event "COL pre olympic sf3"]
[Site "Cartagena"]
[Date "2019.08.16"]
[Round "5"]
[White "Matta, Paola Andrea"]
[Black "Caicedo Anguila, Juliana Andrea"]
[Result "0-1"]
[WhiteElo "1939"]
[BlackElo "1547"]
[PlyCount "62"]
[EventDate "2019.08.14"]
[EventType "swiss"]
[EventRounds "10"]
[EventCountry "COL"]
[SourceTitle "EXT 2020"]
[Source "ChessBase"]
[SourceDate "2019.10.17"]
[SourceVersion "1"]
[SourceVersionDate "2019.10.17"]
[SourceQuality "1"]

1. Nf3 Nf6 2. c4 Nc6 3. d4 e6 4. g3 d5 5. Bg2 Be7 6. 0-0 0-0 7. b3 b6 8. Bb2 Bb7 9. Nbd2 Na5 10. Qc2 c5 11. dxc5 bxc5 12. cxd5 exd5 13. Rac1 Qb6 14. Ne5 Rfd8 15. Ndf3 h6 16. Rfd1 Bc8 17. e3 Be6 18. Nd3 Rac8 19. Nf4 c4 20. Bd4 Qb8 21. b4 Nc6 22. Nxe6 fxe6 23. Bh3 Kf7 24. a3 Ne4 25. Ba1 Ng5 26. Nxg5+ Bxg5 27. Qe2 Bf6 28. Qh5+ Ke7 29. Bxf6+ Kxf6 30. Qh4+ Kf7 31. Qg4 Qe5 0-1

[Event "COL pre olympic sf2"]
[Site "Palmira"]
[Date "2019.06.02"]
[Round "8"]
[White "Arango Leon, Andres Felipe"]
[Black "Matta, Paola Andrea"]
[Result "1-0"]
[WhiteElo "1677"]
[BlackElo "1969"]
[PlyCount "47"]
[EventDate "2019.05.29"]
[EventType "swiss"]
[EventRounds "10"]
[EventCountry "COL"]
[SourceTitle "CBM 190 Extra"]
[Source "ChessBase"]
[SourceDate "2019.07.15"]
[SourceVersion "1"]
[SourceVersionDate "2019.07.15"]
[SourceQuality "1"]

1. e4 c5 2. Nf3 d6 3. d4 cxd4 4. Nxd4 Nf6 5. Nc3 a6 6. Be2 e6 7. g4 h6 8. h4 g6 9. f4 Qc7 10. Rg1 b5 11. a3 Bb7 12. Bf3 e5 13. Nb3 Nbd7 14. g5 hxg5 15. hxg5 Qb6 16. Rf1 Nh5 17. Bxh5 Rxh5 18. Qe2 Be7 19. Be3 Qc7 20. 0-0-0 0-0-0 21. f5 Bxg5 22. fxg6 Bxe3+ 23. Qxe3 fxg6 24. Rf7 1-0

[Event "COL-ch sf1"]
[Site "Medellin"]
[Date "2019.04.21"]
[Round "10"]
[White "Herrera, Milena"]
[Black "Matta, Paola Andrea"]
[Result "1-0"]
[WhiteElo "2082"]
[BlackElo "1988"]
[PlyCount "49"]
[EventDate "2019.04.16"]
[EventType "swiss"]
[EventRounds "10"]
[EventCountry "COL"]
[SourceTitle "CBM 190 Extra"]
[Source "ChessBase"]
[SourceDate "2019.07.15"]
[SourceVersion "1"]
[SourceVersionDate "2019.07.15"]
[SourceQuality "1"]

1. e4 c5 2. c3 e6 3. d4 b6 4. Nf3 Bb7 5. Bd3 Nf6 6. Qe2 Be7 7. 0-0 0-0 8. h3 Nc6 9. a3 Na5 10. Nbd2 Rc8 11. b4 Nc6 12. Bb2 Re8 13. Ne5 Qc7 14. Ng4 g6 15. f4 Nh5 16. Qf3 f5 17. d5 fxg4 18. hxg4 Ng7 19. dxc6 Bxc6 20. b5 Bb7 21. c4 Rf8 22. Rae1 Bd6 23. Qh3 Bxf4 24. Nf3 Rce8 25. e5 1-0

[Event "COL-ch sf1"]
[Site "Medellin"]
[Date "2019.04.20"]
[Round "8"]
[White "Moreno Marino, Juan Nicolas"]
[Black "Matta, Paola Andrea"]
[Result "0-1"]
[WhiteElo "1660"]
[BlackElo "1988"]
[PlyCount "60"]
[EventDate "2019.04.16"]
[EventType "swiss"]
[EventRounds "10"]
[EventCountry "COL"]
[SourceTitle "CBM 190 Extra"]
[Source "ChessBase"]
[SourceDate "2019.07.15"]
[SourceVersion "1"]
[SourceVersionDate "2019.07.15"]
[SourceQuality "1"]

1. e4 c5 2. Nf3 e6 3. d4 cxd4 4. Nxd4 Nf6 5. Bd3 Nc6 6. Nxc6 bxc6 7. 0-0 d6 8. h3 Be7 9. Qf3 e5 10. b3 Be6 11. Bb2 0-0 12. Nd2 Nd7 13. Nc4 Nb6 14. Rad1 Nxc4 15. Bxc4 Bxc4 16. bxc4 Qa5 17. Qa3 Qxa3 18. Bxa3 c5 19. Rd3 f5 20. exf5 Rxf5 21. g3 h5 22. Bc1 Rb8 23. Rb3 Rb6 24. Rd1 Ra6 25. Ra3 Rxa3 26. Bxa3 h4 27. g4 Rf4 28. Rb1 Rxc4 29. Rb7 Kf7 30. Rxa7 Rxc2 0-1

[Event "COL-ch (Women)"]
[Site "Quibdo"]
[Date "2015.11.13"]
[Round "6"]
[White "Herrera, Milena"]
[Black "Matta, Paola Andrea"]
[Result "1-0"]
[WhiteElo "2118"]
[BlackElo "1994"]
[PlyCount "43"]
[EventDate "2015.11.10"]
[EventType "swiss"]
[EventRounds "9"]
[EventCountry "COL"]
[SourceTitle "CBM 169 Extra"]
[Source "ChessBase"]
[SourceDate "2015.12.18"]
[SourceVersion "1"]
[SourceVersionDate "2015.12.18"]
[SourceQuality "1"]

1. e4 c5 2. Nf3 e6 3. d4 cxd4 4. Nxd4 Nf6 5. Nc3 d6 6. g3 Be7 7. Bg2 a6 8. 0-0 0-0 9. f4 Qc7 10. Be3 Nbd7 11. g4 h6 12. g5 hxg5 13. fxg5 Nh7 14. g6 Nhf6 15. gxf7+ Kxf7 16. Nxe6 Qa5 17. Nxf8 Kxf8 18. Nd5 Ne5 19. Qh5 Bd8 20. b4 Qa3 21. Qh8+ Kf7 22. Qxd8 1-0

[Event "COL-ch (Women)"]
[Site "Quibdo"]
[Date "2015.11.10"]
[Round "2"]
[White "Franco Valencia, Beatriz Irene"]
[Black "Matta, Paola Andrea"]
[Result "1-0"]
[WhiteElo "2172"]
[BlackElo "1994"]
[PlyCount "75"]
[EventDate "2015.11.10"]
[EventType "swiss"]
[EventRounds "9"]
[EventCountry "COL"]
[SourceTitle "CBM 169 Extra"]
[Source "ChessBase"]
[SourceDate "2015.12.18"]
[SourceVersion "1"]
[SourceVersionDate "2015.12.18"]
[SourceQuality "1"]

1. d4 Nf6 2. Nf3 e6 3. e3 b6 4. Bd3 Bb7 5. 0-0 Be7 6. b3 0-0 7. Nbd2 d5 8. Bb2 Nbd7 9. c4 c5 10. Qc2 cxd4 11. exd4 h6 12. Rac1 Rc8 13. Rfe1 Qc7 14. Qd1 Qb8 15. Ne5 Qa8 16. f3 Rfd8 17. Bb1 dxc4 18. Nxd7 Rxd7 19. bxc4 Rcd8 20. Qc2 Bb4 21. d5 Bxd2 22. Bxf6 gxf6 23. Qxd2 Bxd5 24. cxd5 Rxd5 25. Qxh6 f5 26. Qg5+ Kf8 27. Rc7 R5d7 28. Qh6+ Kg8 29. Rc4 Rd4 30. Qg5+ Kh7 31. Rxd4 Rxd4 32. Qf6 Qd5 33. Qxf7+ Kh8 34. Qf6+ Kg8 35. Bc2 Rd2 36. Bb3 Qc5+ 37. Kh1 Qf2 38. Bxe6+ 1-0

[Event "COL-ch sf (Women)"]
[Site "Medellin"]
[Date "2014.??.??"]
[Round "4"]
[White "Argote Heredia, Valentina"]
[Black "Matta, Paola Andrea"]
[Result "0-1"]
[WhiteElo "1875"]
[BlackElo "2026"]
[PlyCount "114"]
[EventDate "2014.04.15"]
[EventType "swiss"]
[EventRounds "9"]
[EventCountry "COL"]
[SourceTitle "CBM 160 Extra"]
[Source "ChessBase"]
[SourceDate "2014.07.01"]
[SourceVersion "1"]
[SourceVersionDate "2014.07.01"]
[SourceQuality "1"]

1. e4 c5 2. Nf3 d6 3. d4 cxd4 4. Nxd4 Nf6 5. Nc3 a6 6. Be2 e6 7. 0-0 Be7 8. a4 Qc7 9. a5 Nc6 10. Nb3 b5 11. axb6 Qxb6 12. Be3 Qc7 13. Nd2 0-0 14. Nc4 Rb8 15. Na4 Nxe4 16. Bb6 Qd7 17. Bf3 Ng5 18. Bxc6 Qxc6 19. Na5 Qd7 20. Qd4 e5 21. Qe3 Ne6 22. Ba7 Rb5 23. Bb6 Bd8 24. c4 Rxa5 25. Bxa5 Bxa5 26. Rfd1 Nd4 27. c5 Bb7 28. Rdc1 Qg4 29. c6 Nxc6 30. Qg3 Qb4 31. Qc3 Qe4 32. Qc2 Qg4 33. h3 Qg5 34. Qe4 Nd4 35. Qxb7 Ne2+ 36. Kf1 Nxc1 37. Qd5 Qd2 38. Qxd2 Bxd2 39. Nb6 Nb3 40. Rxa6 Bb4 41. Nc4 Rd8 42. Ke2 Nd4+ 43. Kd3 f6 44. f3 d5 45. Ne3 Nb3 46. Rb6 Nc5+ 47. Ke2 d4 48. Nc4 d3+ 49. Kd1 d2 50. Ne3 Nd3 51. Rb7 f5 52. Ke2 f4 53. Nd1 Nc1+ 54. Kf1 Ba5 55. Rb5 Bc7 56. Rb7 Bd6 57. b4 Rb8 0-1